Statistics for Top 65 Biggest Cities in Saudi Arabia

Click here to take the quiz!

General Stats

  • This quiz has been taken 84 times
    (82 since last reset)
  • The average score is 11 of 65

Answer Stats

#CityPopulation% Correct
3Mecca1,675,368
99%
1Riyadh7,676,654
99%
2Jeddah3,976,000
97%
8Dammam903,312
78%
5Ta'if1,281,613
46%
12Tabuk534,893
43%
6Ha'il1,200,000
41%
10Abha781,206
37%
24Hofuf150,000
34%
7Khobar941,358
34%
13Najran505,652
34%
20Yanbu233,236
34%
4Khamis Mushait1,353,000
29%
32Jizan105,193
25%
9Jubail800,949
25%
11Buraidah614,093
24%
14Al-Kharj425,300
22%
26Dhahran138,135
22%
27Ar Rass133,000
18%
33Al Bahah104,266
16%
18Hafar Al-Batin271,642
16%
42Khafji65,000
16%
22Bisha205,346
15%
23Unaizah163,729
15%
39Ras Tanura73,933
12%
16Dawadmi300,001
10%
44Al-Namas47,783
9%
15Al Qunfudhah300,516
9%
51Al- 'Ula32,413
9%
56Duba25,601
9%
30Saihat115,000
9%
19Sakakah242,813
9%
53Al Wajh26,636
7%
37Tarout77,757
7%
35Turaif91,713
7%
40Al Lith72,000
6%
61Dhurma10,267
6%
59Farasan20,000
6%
55Haql25,649
6%
60Harmah13,000
6%
25Qurayyat147,550
6%
36Rafha80,544
6%
49Shaqraa35,000
6%
21Sharurah220,977
6%
31Wadi ad-Dawasir106,152
6%
57Al Bukayriyah25,123
4%
29Al Zulfi125,000
4%
38Bareq75,351
4%
46Hotat Bani Tamim40,000
4%
41Riyadh Al-Khabra69,690
4%
45Ad-Dilam40,114
3%
43Al-Omran49,000
3%
50Al-Oyoon33,000
3%
58Qaisumah20,887
3%
34Safwa City100,000
3%
64Shaybah1,500
3%
47Tanomah40,000
3%
54Uyun AlJiwa26,544
3%
63Al-Hariq7,304
1%
48Al-Muzahmiyya39,865
1%
28Al-Quway'iyah126,161
1%
52Hawtah Sudayr28,954
1%
17Jazan Economic City300,000
1%
62Rumailah10,000
1%
65Udhailiyah1,350
1%

Score Distribution

Percentile by Number Answered

Percent of People with Each Score

Your Score History

You have not taken this quiz since the last reset